000 00463nam a22001217a 4500
999 _c18848
_d18848
008 210224b xxu||||| |||| 00| 0 eng d
050 _aThe GMMF 1346
_b.G33 2020 C.1
100 _aGad, Igiraneza.
245 _aKnowledge and attitude of married men and women on vasectomy/
_ba cross-sectional survey of a mission health centre in Burundi.
_cIgiraneza Gad.
260 _aKabarak, Nakuru:
_bKabarak University,
_c2020.
300 _ax, 104 leaves
942 _2lcc
_cTHE